00362nam a2200121Ia 4500003000400000005001700004008004100021040002900062050002300091100004300114245005900157260002400216OSt20260219095046.0221021s9999||||xx |||||||||||||| ||und|| cChuka University Library aPN 4145b .R4 1992 a Okoth Okombo and Jane Nadwa (editors) 0aReflections on theories and methods in Oral llitrature aNairobibKolac1992